000 00336nam a2200121Ia 4500
008 210430s9999 xx 000 0 und d
082 _a950.072S1321 O
100 _aEdward W.Said
245 _aOrientalism western conceptions of the orient /
_cEdward W.Said
260 _aIslamabad
_bRoohani
_c2010
300 _a396p
942 _cBK
_2ddc
999 _c563405
_d563405